[Event "22nd Hogeschool Zeeland 2018"]
[Site "Vlissingen"]
[Date "2018.08.05"]
[Round "3"]
[White "Beerdsen, Thomas"]
[Black "Bluhm, Sonja Maria"]
[Result "1-0"]
[WhiteElo "2469"]
[BlackElo "2279"]
[Annotator "TA"]
[PlyCount "55"]
[EventDate "2018.08.04"]
[EventType "swiss"]
[EventCountry "NED"]
[SourceTitle "playchess.com"]
[Source "ChessBase"]
[SourceQuality "1"]

{[%evp 10,55,1,0,0,0,20,8,0,-27,-32,-20,-25,-24,-38,-90,-46,-37,0,-77,-69,-97,-98,-133,-123,-141,81,64,137,10,16,35,0,18,323,312,404,378,408,394,454,462,789,342,1006,976,985,971]} 1. e4 e5 2. Nf3 Nc6 3. c3 d5 4. Qa4 f6 5. d3 Be6 6. Nbd2 {LiveBook: 4 Games. C44: Ponziani Opening and Scotch Gambit} Bc5 $146 ({Predecessor:} 6... Qd7 7. Be2 Nge7 8. O-O Ng6 9. Re1 Bd6 10. d4 Nf4 11. Bf1 O-O 12. exd5 Bxd5 {½-½ (67) Nepomniachtchi,I (2707)-Karjakin,S (2775) Moscow 2012}) 7. b4 Bb6 8. exd5 {The position is equal.} Bxd5 9. c4 Bxf3 $1 10. Nxf3 {Hoping for c5.} a5 11. b5 Nd4 $36 {[%mdl 2048] aiming for ...Nxf3+. Black has good play.} 12. Nd2 ({White should try} 12. Qd1 $15) 12... Ne7 13. Ba3 O-O 14. c5 (14. g3 $11) 14... Ba7 $17 15. Rb1 Re8 16. h4 Qd5 17. b6 Qxa2 $2 (17... cxb6 $17 {keeps the pressure on.} 18. cxb6 Qxa2 19. bxa7 b5 20. Qxa5 Qxa3 21. Qxa3 Nc2+ 22. Ke2 Nxa3) 18. bxa7 $16 Nd5 ({Better is} 18... Qxa3 $14 19. Qxa3 Nc2+ 20. Kd1 Nxa3) 19. Rb2 (19. Qc4 $1 $16 {[%cal Rc4a2]} Qxc4 20. dxc4) 19... Qa1+ $11 20. Nb1 {And now Qc4 would win.} b5 21. cxb6 $1 ({Much worse is} 21. Qxa5 b4 $17) 21... Nxb6 $2 {[%mdl 8192]} (21... cxb6 $11 {and Black has nothing to worry.} 22. g3 Nf3+ 23. Ke2 Nd4+ 24. Kd2 Nf3+ 25. Ke2 Nd4+ 26. Kd2 b5 27. Rxb5 (27. Qxa5 $2 Qxb2+ 28. Bxb2 Nb3+ 29. Ke2 Nxa5 $19) 27... Nf3+ 28. Ke2 Nd4+ 29. Kd2 Nf3+ 30. Ke2 Nd4+ 31. Kd2) 22. Qxa5 $18 e4 23. Kd1 Rad8 24. Kc1 e3 25. fxe3 Rxe3 (25... Nc6 $142 26. Qc3 Nxa7) 26. Bb4 (26. Rxb6 $142 cxb6 {[#]} 27. Qd5+ $1 {[%mdl 512]} (27. a8=Q Nb3+ 28. Kc2 Nd4+ 29. Kc1 Nb3+ 30. Kc2 Nd4+ 31. Kc1 $11) 27... Ne6 28. Qxd8+ $1 {[%mdl 512]} Nxd8 29. a8=Q Re1+ 30. Kd2) 26... Na4 $2 {[#]} (26... Qxa5 27. Bxa5 Re6) 27. Qd5+ $1 {[%mdl 512]} Ne6 (27... Rxd5 28. a8=Q+) 28. Ra2 {Precision: White = 33%, Black = 25%.} 1-0

[Event "22nd Hogeschool Zeeland 2018"]
[Site "Vlissingen"]
[Date "2018.08.05"]
[Round "3"]
[White "Vrolijk, Liam"]
[Black "Reichardt, Robin"]
[Result "1-0"]
[WhiteElo "2430"]
[BlackElo "1942"]
[Annotator "TA"]
[PlyCount "51"]
[EventDate "2018.08.04"]
[EventType "swiss"]
[EventCountry "NED"]
[SourceTitle "playchess.com"]
[Source "ChessBase"]
[SourceQuality "1"]

{[%evp 14,51,33,37,105,105,112,112,114,106,115,121,114,103,103,117,117,118,167,158,157,144,253,242,250,245,285,279,275,257,589,589,692,673,680,403,396,398,519,511]} 1. e4 e5 2. Nf3 Nc6 3. Bc4 Nf6 4. d3 Be7 5. O-O O-O 6. Re1 d6 7. a4 Be6 8. Nbd2 {LiveBook: 159 Games} Nh5 $146 {[#] C55: Two Knights: 4 d3, 4 d4 exd4 5 e5 and Max Lange Attack} (8... h6 $14) ({Predecessor:} 8... Bxc4 9. Nxc4 Re8 10. Bd2 a5 11. h3 b6 12. c3 h6 13. Qb3 Bf8 14. Rad1 d5 15. Ne3 dxe4 16. dxe4 Nxe4 {0-1 (32) Ganguly,S (2657)-Bruzon Batista,L (2673) Saint Louis 2018}) 9. Nxe5 $1 $16 {[%mdl 512]} Nxe5 10. Bxe6 fxe6 {White is better.} 11. Qxh5 Bg5 12. d4 Ng6 13. Nf3 Bxc1 14. Raxc1 {Ng5 is the strong threat.} ({Much worse is} 14. Rexc1 $6 Nf4 $11) 14... Nf4 15. Qg4 Rf6 16. g3 Ng6 17. e5 Rf5 {[#]} (17... dxe5 $16 18. dxe5 (18. Nxe5 c5 $16) 18... Rf5) 18. exd6 $1 $18 Qxd6 19. Ng5 Raf8 20. Nxe6 R8f6 21. Ng5 Rxf2 $2 (21... Qd5 {is tougher.}) 22. Ne4 Qxd4 23. Nxf6+ Qxf6 24. Qe6+ Qxe6 25. Rxe6 Rd2 26. Rf1 {Precision: White = 82%, Black = 32%.} 1-0

[Event "22nd Hogeschool Zeeland 2018"]
[Site "Vlissingen"]
[Date "2018.08.05"]
[Round "3"]
[White "Viani Antonio Dcunha"]
[Black "Muetsch, Annmarie"]
[Result "1-0"]
[WhiteElo "2414"]
[BlackElo "2239"]
[Annotator "TA"]
[PlyCount "93"]
[EventDate "2018.08.04"]
[EventType "swiss"]
[EventCountry "NED"]
[SourceTitle "playchess.com"]
[Source "ChessBase"]
[SourceQuality "1"]

{[%evp 18,93,51,37,45,47,63,65,80,79,76,91,90,28,56,43,59,40,35,25,34,35,64,47,112,10,10,11,39,39,37,26,43,14,33,16,32,0,18,0,0,-17,-12,-23,32,27,126,15,17,15,74,36,43,31,231,248,256,220,187,171,176,145,283,265,598,591,569,569,1479,1431,1822,1702,29988,29985,29993,29994,29995,29996]} 1. e4 e5 2. Nf3 Nc6 3. Bc4 Bc5 4. O-O d6 5. c3 Bb6 6. d3 Nf6 7. Nbd2 O-O 8. Bb3 a6 {C54: Italienische Partie (Hauptvariante)} (8... Ne7 9. Nc4 Be6 10. Re1 h6 11. a3 Ng6 12. Bc2 Bg4 13. h3 Bh5 14. Be3 Nh4 15. Ncd2 Nh7 16. g4 Bg6 17. Nxh4 Qxh4 18. Kg2 Ng5 19. Rh1 f5 20. exf5 {½-½ (20) Zhigalko,S (2671)-Andreikin,D (2737) Tallinn 2016}) 9. Nc4 Ba7 10. Bg5 {LiveBook: 3 Partien} h6 {Weiß steht etwas besser.} 11. Bh4 Bg4 12. h3 Bh5 13. g4 Bg6 14. Ne3 $146 ({Vorgänger:} 14. g5 hxg5 15. Bxg5 Qd7 16. Bxf6 gxf6 {0-1 (27) Kostianis,G-Kakadelis,E (2237) Korinthos 2002}) 14... Nb8 15. Bg3 (15. g5 $16 hxg5 16. Bxg5 (16. Nxg5 Nc6 $11)) 15... Nbd7 16. Nh4 Bh7 17. Qf3 Nc5 18. Bc2 Ne6 19. Nhf5 Re8 20. h4 Bxf5 (20... Bg6 $14) 21. gxf5 (21. exf5 $16 Nc5 22. Qe2) 21... Nf8 $11 22. Kh1 N8h7 23. Rg1 Kh8 24. Bb3 Qe7 25. Bh2 Rg8 26. Rae1 a5 27. Qd1 c6 28. Rg2 b5 29. f4 a4 30. Bc2 a3 ({Besser ist} 30... Bxe3 $11 31. fxe5 dxe5 32. Rxe3 h5) 31. b4 $14 Nd7 {[#]} (31... Bb6 $11) 32. Qh5 ({Lieber} 32. f6 $1 $16 {[%cal Rf6e7]} Nhxf6 33. Nf5) 32... Nhf6 $11 33. Qf3 Nh7 (33... Raf8 $11 {bleibt in der Remisbreite.}) 34. Qh3 (34. f6 $5 Nhxf6 35. Nf5 $11) 34... Nhf6 35. Bb3 Nh5 $2 ({Günstiger ist} 35... Bb6 $14) 36. f6 $18 Nhxf6 37. Nf5 Qf8 38. fxe5 dxe5 39. d4 Bb8 (39... Re8 $16) 40. Reg1 g6 $2 {[#]} (40... exd4 41. Nxh6 gxh6 42. Rxg8+ Nxg8 43. Qxd7 Bxh2 44. Qxd4+ (44. Kxh2 Rd8 $14) 44... Kh7 45. Kxh2 Rd8) 41. Bxf7 $1 {[%mdl 512]} Qxf7 42. Nxh6 Qe7 43. Nxg8 Nxg8 44. Rxg6 Ngf6 45. dxe5 {Weiß setzt Matt.} Bxe5 46. Rh6+ Nh7 {[#]} 47. Qxd7 $1 {[%mdl 512] Precision: Weiß = 61%, Schwarz = 21%.} 1-0

[Event "22nd Hogeschool Zeeland 2018"]
[Site "Vlissingen"]
[Date "2018.08.05"]
[Round "3"]
[White "Schoppen, Casper"]
[Black "Van den Berg, Bram"]
[Result "1-0"]
[WhiteElo "2395"]
[BlackElo "2221"]
[Annotator "ChessBase"]
[PlyCount "67"]
[EventDate "2018.08.04"]
[EventType "swiss"]
[EventCountry "NED"]
[SourceTitle "playchess.com"]
[Source "ChessBase"]
[SourceQuality "1"]
[TimeControl "40/5400+30:1800+30"]

1. e4 {[%emt 0:06:08]} d5 {[%emt 0:00:00]} 2. exd5 {[%emt 0:00:10]} Nf6 {[%emt 0:00:00]} 3. d4 {[%emt 0:01:46]} Bg4 {[%emt 0:00:00]} 4. Be2 {[%emt 0:01:02]} Bxe2 {[%emt 0:02:52]} 5. Qxe2 {[%emt 0:00:16]} Qxd5 {[%emt 0:00:07]} 6. Nf3 {[%emt 0:00:09]} e6 {[%emt 0:00:18]} 7. O-O {[%emt 0:00:41]} Nc6 {[%emt 0:00:26]} 8. Rd1 {[%emt 0:03:00]} O-O-O {[%emt 0:09:25]} 9. c4 {[%emt 0:04:23]} Qh5 {[%emt 0:00:56]} 10. Nc3 {[%emt 0:00:42]} Rg8 {[%emt 0:01:54]} 11. d5 {[%emt 0:41:37]} exd5 {[%emt 0:13:20]} 12. cxd5 {[%emt 0:00:49]} Nb4 {[%emt 0:00:42]} 13. Bf4 {[%emt 0:04:57]} Nbxd5 {[%emt 0:10:44]} 14. Nxd5 {[%emt 0:02:50]} Nxd5 {[%emt 0:04:05]} 15. Bg5 {[%emt 0:02:44]} Bd6 {[%emt 0:04:34]} 16. Bxd8 {[%emt 0:04:58]} Bxh2+ {[%emt 0:00:34]} 17. Kf1 {[%emt 0:00:08]} Rxd8 {[%emt 0:00:05]} 18. Rd4 {[%emt 0:06:48]} Bd6 {[%emt 0:02:28]} 19. Rh4 {[%emt 0:00:42]} Qg6 {[%emt 0:00:09]} 20. g3 {[%emt 0:00:45]} c6 {[%emt 0:04:26]} 21. Re1 {[%emt 0:02:42]} h6 {[%emt 0:01:14]} 22. Re4 {[%emt 0:03:18]} Kc7 {[%emt 0:03:52]} 23. Re8 {[%emt 0:04:45]} Rxe8 {[%emt 0:02:25]} 24. Qxe8 {[%emt 0:00:06]} Qf6 {[%emt 0:00:08]} 25. Ne5 {[%emt 0:01:41]} Bxe5 {[%emt 0:02:21]} 26. Rxe5 {[%emt 0:00:22]} g6 {[%emt 0:03:54]} 27. b4 {[%emt 0:02:38]} a6 {[%emt 0:03:25]} 28. a4 {[%emt 0:00:36]} h5 {[%emt 0:01:59]} 29. Re4 {[%emt 0:01:53]} Qf3 {[%emt 0:02:37]} 30. Kg1 {[%emt 0:00:23]} Qf5 {[%emt 0:03:46]} 31. b5 {[%emt 0:00:54]} axb5 {[%emt 0:00:21]} 32. axb5 {[%emt 0:00:05]} Qd7 {[%emt 0:05:13]} 33. b6+ {[%emt 0:00:13]} Kd6 {[%emt 0:00:05]} 34. Qf8+ {[%emt 0:00:18]} 1-0

[Event "22nd Hogeschool Zeeland 2018"]
[Site "Vlissingen"]
[Date "2018.08.05"]
[Round "3"]
[White "Gonzales, Jayson"]
[Black "Sparenberg, Erik"]
[Result "1/2-1/2"]
[WhiteElo "2383"]
[BlackElo "2173"]
[Annotator "ChessBase"]
[PlyCount "60"]
[EventDate "2018.08.04"]
[EventType "swiss"]
[EventCountry "NED"]
[SourceTitle "playchess.com"]
[Source "ChessBase"]
[SourceQuality "1"]
[TimeControl "40/5400+30:1800+30"]

1. Nf3 {[%emt 0:00:11]} Nf6 {[%emt 0:00:00]} 2. c4 {[%emt 0:00:15]} g6 {[%emt 0:00:00]} 3. Nc3 {[%emt 0:01:48]} Bg7 {[%emt 0:00:00]} 4. e4 {[%emt 0:00:14]} d6 {[%emt 0:00:00]} 5. d4 {[%emt 0:00:15]} O-O {[%emt 0:00:00]} 6. h3 {[%emt 0:00:14]} e5 {[%emt 0:04:22]} 7. d5 {[%emt 0:00:45]} Na6 {[%emt 0:07:17]} 8. Bg5 {[%emt 0:03:52]} h6 {[%emt 0:00:53]} 9. Be3 {[%emt 0:01:14]} Nc5 {[%emt 0:05:59]} 10. Nd2 {[%emt 0:01:55]} a5 {[%emt 0:06:39]} 11. g4 {[%emt 0:01:01]} Nfd7 {[%emt 0:01:26]} 12. Rg1 {[%emt 0:01:23]} g5 {[%emt 0:19:02]} 13. Be2 {[%emt 0:10:40]} Re8 {[%emt 0:03:12]} 14. h4 {[%emt 0:04:37]} gxh4 {[%emt 0:10:06]} 15. g5 {[%emt 0:01:22]} Kh7 {[%emt 0:01:10]} 16. Nf3 {[%emt 0:01:50]} h3 {[%emt 0:03:40]} 17. Bf1 {[%emt 0:06:01]} Nf8 {[%emt 0:04:00]} 18. Nh2 {[%emt 0:05:13]} Ng6 {[%emt 0:12:58]} 19. Qh5 {[%emt 0:08:38]} Nf4 {[%emt 0:01:43]} 20. Bxf4 {[%emt 0:01:02]} exf4 {[%emt 0:00:04]} 21. gxh6 {[%emt 0:00:27]} Bxc3+ {[%emt 0:01:44]} 22. bxc3 {[%emt 0:00:02]} Qf6 {[%emt 0:05:03]} 23. Rc1 {[%emt 0:00:30]} Nxe4 {[%emt 0:01:03]} 24. Bd3 {[%emt 0:03:44]} Bf5 {[%emt 0:03:30]} 25. Ng4 {[%emt 0:01:01]} Nxc3+ {[%emt 0:02:32]} 26. Kd2 {[%emt 0:02:16]} Ne4+ {[%emt 0:00:51]} 27. Ke1 {[%emt 0:01:42]} Nc3+ {[%emt 0:04:04]} 28. Kd2 {[%emt 0:00:02]} Ne4+ {[%emt 0:00:37]} 29. Ke1 {[%emt 0:00:02]} Nxf2+ {[%emt 0:02:35]} 30. Kxf2 {[%emt 0:42:44]} Qd4+ {[%emt 0:00:30] Kf3Qxd3+ [%clk 0:00:00] Kxf4 [%clk 0:00:00]} 1/2-1/2

[Event "22nd Hogeschool Zeeland 2018"]
[Site "Vlissingen"]
[Date "2018.08.05"]
[Round "3"]
[White "Miciano, John Marvin"]
[Black "Stange, Sven"]
[Result "1-0"]
[WhiteElo "2381"]
[BlackElo "2161"]
[Annotator "NA"]
[PlyCount "79"]
[EventDate "2018.08.04"]
[EventType "swiss"]
[EventCountry "NED"]
[SourceTitle "playchess.com"]
[Source "ChessBase"]
[SourceQuality "1"]
[TimeControl "40/5400+30:1800+30"]

1. g3 {[%emt 0:00:00]} Nf6 {[%emt 0:00:11]} 2. Bg2 {[%emt 0:00:15]} d5 {[%emt 0:00:09]} 3. Nf3 {[%emt 0:00:26]} e6 {[%emt 0:01:01]} 4. O-O {[%emt 0:00:29]} Be7 {[%emt 0:00:08]} 5. d3 {[%emt 0:00:23]} O-O {[%emt 0:00:47]} 6. Nbd2 {[%emt 0:00:15]} Nc6 {[%emt 0:05:58]} 7. c3 {[%emt 0:01:06] A07: Réti Opening: New York and Capablanca Systems} (7. d4 a5 8. c3 b6 9. Re1 Bb7 10. e4 dxe4 11. Nxe4 Nxe4 12. Rxe4 Bf6 13. Re1 Ne7 14. Qc2 Bd5 {1-0 (42) Nakamura,H (2780)-Topalov,V (2749) Saint Louis 2017}) 7... e5 {[%emt 0:05:25]} 8. b4 {[%emt 0:02:49]} a6 $146 {[%emt 0:01:34]} ({Predecessor:} 8... Bg4 9. b5 Na5 10. Nxe5 Be6 11. h3 Bd6 12. Ndf3 Nd7 13. Nxd7 Qxd7 14. Kh2 Qxb5 {½-½ (48) Mourgues,J (1816)-Le Pen,S (1380) Hennebont 2006}) 9. Qc2 {[%emt 0:01:07]} h6 {[%emt 0:03:17]} 10. a3 {[%emt 0:00:27]} Re8 {[%emt 0:02:46]} 11. e4 {[%emt 0:01:50]} dxe4 {[%emt 0:01:20]} 12. dxe4 {[%emt 0:00:21]} Bg4 {[%emt 0:02:55]} 13. Nc4 {[%emt 1:27:02]} Bf8 {[%emt 0:01:24]} 14. Ne3 {[%emt 0:00:00]} Bxf3 {[%emt 0:01:33]} 15. Bxf3 {[%emt 0:00:00]} g6 {[%emt 0:01:23]} 16. Be2 {[%emt 0:00:00]} Qe7 {[%emt 0:05:34]} 17. Bc4 {[%emt 0:00:00]} Nd8 {[%emt 0:04:33]} 18. Nd5 {[%emt 0:00:00]} Nxd5 {[%emt 0:01:51]} 19. Bxd5 {[%emt 0:00:00]} c6 {[%emt 0:00:54]} 20. Bb3 {[%emt 0:00:00]} a5 {[%emt 0:03:54]} 21. Be3 {[%emt 0:00:00]} axb4 {[%emt 0:02:43]} 22. axb4 {[%emt 0:04:30]} Ne6 {[%emt 0:01:51]} 23. Qe2 {[%emt 0:00:00]} Bg7 {[%emt 0:04:19]} 24. Bb6 {[%emt 0:00:00]} Kh7 {[%emt 0:07:55]} 25. Bc4 {[%emt 0:00:00]} Rxa1 {[%emt 0:07:51]} 26. Rxa1 {[%emt 0:00:00]} Qg5 {[%emt 0:01:00]} 27. h4 {[%emt 0:00:00]} Qe7 {[%emt 0:06:20]} 28. Rd1 {[%emt 0:00:00]} Bf6 {[%emt 0:06:58]} 29. Rd3 {[%emt 0:00:00]} Ra8 {[%emt 0:05:38]} 30. Qd1 {[%emt 0:00:00]} Kg7 {[%emt 0:04:09]} 31. Kg2 {[%emt 0:00:00]} Nf8 {[%emt 0:03:58]} 32. h5 {[%emt 0:00:00]} g5 {[%emt 0:02:02]} 33. Qg4 {[%emt 0:00:00]} Qe8 {[%emt 0:01:33]} 34. Rd6 {[%emt 0:00:00]} Bd8 {[%emt 0:02:24]} (34... Be7 $16 35. Rd3 Bd8) 35. Qf5 {[%emt 0:00:00]} ({And not} 35. Rxd8 Rxd8 36. Bxd8 Qxd8 $11) 35... Bxb6 $4 {[%emt 0:01:37]} (35... Be7 $16 36. Rd3 f6) 36. Qf6+ {[%emt 0:00:00]} Kg8 {[%emt 0:00:08]} 37. Qxh6 {[%emt 0:00:00]} Bd8 {[%emt 0:00:55]} 38. Rg6+ {[%emt 0:00:00]} Nxg6 {[%emt 0:00:07]} 39. hxg6 {[%emt 0:00:00]} Qf8 {[%emt 0:00:51]} 40. Qh7# {[%emt 0:00:00] Be7 [%clk 0:00:32]} 1-0

[Event "22nd Hogeschool Zeeland 2018"]
[Site "Vlissingen"]
[Date "2018.08.05"]
[Round "3"]
[White "Ravi, Teja S"]
[Black "Elgersma, Simon"]
[Result "1-0"]
[WhiteElo "2374"]
[BlackElo "2136"]
[Annotator "NA"]
[PlyCount "59"]
[EventDate "2018.08.04"]
[EventType "swiss"]
[EventCountry "NED"]
[SourceTitle "playchess.com"]
[Source "ChessBase"]
[SourceQuality "1"]
[TimeControl "40/5400+30:1800+30"]

1. d4 {[%emt 0:00:00]} Nf6 {[%emt 0:05:26]} 2. Nf3 {[%emt 0:00:00]} g6 {[%emt 0:01:30]} 3. Nc3 {[%emt 0:00:00]} d5 {[%emt 0:00:49]} 4. Bf4 {[%emt 0:00:00]} Bg7 {[%emt 0:00:10]} 5. e3 {[%emt 0:00:01]} O-O {[%emt 0:01:16]} 6. Be2 {[%emt 0:00:05]} c5 {[%emt 0:04:58]} 7. dxc5 {[%emt 0:00:27]} Qa5 {[%emt 0:05:22]} 8. Nd2 {[%emt 0:00:09]} Qxc5 {[%emt 0:04:18]} 9. Nb3 {[%emt 0:00:06]} Qb6 {[%emt 0:06:39]} 10. Nb5 {[%emt 0:00:07]} Na6 {[%emt 0:04:36]} 11. a4 {[%emt 0:01:09]} Bd7 {[%emt 0:04:45]} 12. Be5 {[%emt 0:01:22]} Bxb5 {[%emt 0:05:53]} 13. axb5 {[%emt 0:12:34]} Nc7 {[%emt 0:02:28]} 14. Bd4 {[%emt 0:04:13]} Qd6 {[%emt 0:04:12]} 15. O-O {[%emt 0:01:32]} b6 {[%emt 0:04:23]} 16. Ra4 {[%emt 0:01:05]} Qd7 {[%emt 0:08:11]} 17. Qa1 {[%emt 0:00:51]} Nxb5 {[%emt 0:02:22]} 18. Bxb6 {[%emt 0:04:59]} Qb7 {[%emt 0:00:31]} 19. Bc5 {[%emt 0:06:07]} Ne4 {[%emt 0:08:01]} 20. Bxe7 {[%emt 0:04:05]} Nbc3 {[%emt 0:02:18]} 21. Bxf8 {[%emt 0:07:47]} Nxe2+ {[%emt 0:00:18]} 22. Kh1 {[%emt 0:00:04]} Rxf8 {[%emt 0:05:24]} 23. Qe1 {[%emt 0:07:31]} Qb5 {[%emt 0:00:55]} 24. Rb4 {[%emt 0:00:14]} Qa6 {[%emt 0:00:42]} 25. c4 {[%emt 0:03:11]} Qd6 {[%emt 0:06:02]} 26. cxd5 {[%emt 0:02:53]} Bxb2 {[%emt 0:04:16]} 27. Rxe4 {[%emt 0:00:47]} Qxd5 {[%emt 0:02:41]} 28. Qxe2 {[%emt 0:00:19]} Qxe4 {[%emt 0:00:20]} 29. Qxb2 {[%emt 0:00:06]} Qd3 {[%emt 0:00:33]} 30. Qb1 {[%emt 0:00:13]} 1-0

[Event "22nd Hogeschool Zeeland 2018"]
[Site "Vlissingen"]
[Date "2018.08.05"]
[Round "3"]
[White "Mehar, Chinna Reddy C H"]
[Black "Oosting, Robert"]
[Result "1-0"]
[WhiteElo "2345"]
[BlackElo "1958"]
[Annotator "NA"]
[PlyCount "51"]
[EventDate "2018.08.04"]
[EventType "swiss"]
[EventCountry "NED"]
[SourceTitle "playchess.com"]
[Source "ChessBase"]
[SourceQuality "1"]
[TimeControl "40/5400+30:1800+30"]

1. e4 {[%emt 0:00:34]} c5 {[%emt 0:00:07]} 2. Nf3 {[%emt 0:00:08]} d6 {[%emt 0:00:22]} 3. d4 {[%emt 0:00:24]} cxd4 {[%emt 0:00:07]} 4. Qxd4 {[%emt 0:00:20]} Nc6 {[%emt 0:01:21]} 5. Bb5 {[%emt 0:00:12]} Bd7 {[%emt 0:00:19]} 6. Qd3 {[%emt 0:00:26]} Nf6 {[%emt 0:01:03]} 7. c4 {[%emt 0:00:21]} g6 {[%emt 0:03:18]} 8. Nc3 {[%emt 0:00:33]} Bg7 {[%emt 0:00:40]} 9. O-O {[%emt 0:00:09]} O-O {[%emt 0:00:42]} 10. h3 {[%emt 0:00:13]} a6 {[%emt 0:10:26]} 11. Bxc6 {[%emt 0:00:38]} Bxc6 {[%emt 0:00:34]} 12. Nd4 {[%emt 0:00:12]} Nd7 {[%emt 0:00:51]} 13. Be3 {[%emt 0:01:12]} Nc5 {[%emt 0:05:34]} 14. Qc2 {[%emt 0:00:08]} Bd7 {[%emt 0:00:50]} 15. Rfd1 {[%emt 0:01:28]} Rc8 {[%emt 0:04:57]} 16. Rac1 {[%emt 0:03:51]} Qa5 {[%emt 0:10:43]} 17. b4 {[%emt 0:12:48]} Qxb4 {[%emt 0:03:17]} 18. Nd5 {[%emt 0:00:06]} Qa3 {[%emt 0:02:32]} 19. Nxe7+ {[%emt 0:00:09]} Kh8 {[%emt 0:00:03]} 20. Nxc8 {[%emt 0:00:33]} Ba4 {[%emt 0:01:06]} 21. Nb3 {[%emt 0:00:51]} Nxb3 {[%emt 0:04:07]} 22. axb3 {[%emt 0:00:30]} Bxb3 {[%emt 0:00:35]} 23. Qd3 {[%emt 0:01:10]} Rxc8 {[%emt 0:00:52]} 24. Rb1 {[%emt 0:00:25]} Bb2 {[%emt 0:00:53]} 25. Rxb2 {[%emt 0:00:08]} Qxb2 {[%emt 0:00:05]} 26. Bd4+ {[%emt 1:15:31]} 1-0